Iberoamérica Ilustra 4°: Catálogo Iberoamericano de ilustraciones de publicaciones infantiles y juveniles.
Saved in:
| Format: | Bog |
|---|---|
| Udgivet: |
México D.F., México; Guadalajara, México:
Fundación SM; Ediciones SM; Feria Internacional del Libro de Guadalajara; El Ilustradero,
2013.
|
| Udgivelse: | Primera edición |
| Fag: | |
| Tags: |
Tilføj Tag
Ingen Tags, Vær først til at tagge denne postø!
|
MARC
| LEADER | 00000nam a22000007a 4500 | ||
|---|---|---|---|
| 003 | CL-VaPUC | ||
| 005 | 20250407202502.0 | ||
| 008 | 250324t2013 ||||| |||| 00| 0 eng d | ||
| 999 | |c 447628 |d 447626 | ||
| 040 | |c Pontificia Universidad Católica de Valparaíso | ||
| 082 | |a 741.9 IBE 2013 | ||
| 245 | |a Iberoamérica Ilustra 4°: |b Catálogo Iberoamericano de ilustraciones de publicaciones infantiles y juveniles. | ||
| 250 | |a Primera edición | ||
| 260 | |a México D.F., México; |a Guadalajara, México: |b Fundación SM; |b Ediciones SM; |b Feria Internacional del Libro de Guadalajara; |b El Ilustradero, |c 2013. | ||
| 300 | |a 116 páginas: |b ilustraciones. | ||
| 500 | |a c.1. Instituto Arcos.08-01-2025. | ||
| 583 | |c 20250324 |k Gabriela Rodríguez Cuevas | ||
| 650 | 0 | |9 327901 |a Ilustración de libros |v Catalogo | |
| 651 | 0 | |9 897498 |a Libros infantiles y juveniles |x Ilustraciones | |
| 942 | |2 ddc |c BK |n 0 | ||
| 952 | |0 0 |1 0 |2 ddc |4 0 |6 741_900000000000000_IBE_2013 |7 0 |8 A |9 601847 |a BIBINC |b BIBINC |d 2025-03-24 |e Instituto Arcos |i 5666718 |o 741.9 IBE 2013 |p 5666718 |r 2025-03-24 |t 1 |w 2025-03-24 |y BK |k IFP | ||